000 00422nam a2200157 i 4500
001 40741
003 ES-MaACL
005 20230906160312.0
007 t|
008 030306s1969 sp ||||1| spa d
100 1 _aCapllonch Martí, Antonio.
_934861
245 1 4 _aLos lazos ragados /
_cAntonio Capllonch M.
260 _aPollensa :
_b[s.n.,
_c1969]
300 _a276 p. ;
_c18 cm.
852 _aES-MaACL
_jC-35923
_bR.69559
999 _c40741
_d40741